Statistics for Unciv Main Civilizations

Click here to take the quiz!

General Stats

  • This quiz has been taken 3 times
  • The average score is 19 of 34

Answer Stats

ColorsCivilizations% Correct
Blue, WhiteBabylon
100%
Green, WhiteChina
100%
Yellow, PurpleEgypt
100%
Light Blue, CreamFrance
100%
Green, YellowIndia
100%
White, RedJapan
100%
Red, YellowPersia
100%
Purple, YellowRome
100%
Yellow, BlackRussia
100%
Dark Red, PinkSpain
100%
Blue, WhiteAmerica
67%
Red, WhiteEngland
67%
Dark Green, RedEthiopia
67%
Light Blue, BlueGreece
67%
Yellow, GreenInca
67%
Navy, RedKorea
67%
Maroon, OrangeMongolia
67%
Blue, YellowSweden
67%
Tan, Dark GreenThe Maya
67%
Dark Green, GreenArabia
33%
Bright Red, WhiteAustria
33%
Maroon, CyanAztecs
33%
Brown, YellowDenmark
33%
Gray, Dark GrayGermany
33%
Orange, YellowPolynesia
33%
Yellow, MaroonSonghai
33%
Gray, MaroonThe Huns
33%
Orange, WhiteThe Netherlands
33%
Light Blue, PurpleByzantium
0%
White, PurpleCarthage
0%
Dark Green, BlueCelts
0%
Blue-Gray, TanIroquois
0%
Yellow, RedSiam
0%
Cream, GreenThe Ottomans
0%

Score Distribution

Percentile by Number Answered

Percent of People with Each Score

Your Score History

You have not taken this quiz